Star Wars Characters from A-Z in 2:30 - Statistics

General Stats
  • This quiz has been taken 67 times
  • The average score is 13 of 26
Answer Stats
Letter Character % Correct
D Darth Vader|Darth Maul|Darth Sidious|Din Djarin|Darth|Tyranus|Darth Nihilus|Darth Bane|Darth Plagueis|Dash Rendar|Dengar
96%
C C-3PO|Cassian Andor| Chewbacca|Count Dooku|Cad Bane|Captain Rex|Commander Cody|Chopper| Cal Kestis|Chirrut Îmwe
90%
B Boba Fett|Ben Solo|Bo-Katan Kryze|Bail Organa|Bib Fortuna|Barriss Offee|Bodhi Rook|Baze Malbus|Biggs Darklighter|Bastila Shan
87%
A Anakin Skywalker|Ahsoka Tano|Admiral Ackbar|Asajj Ventress|Aayla Secura| Admiral Thrawn|Aurra Sing|Agen Kolar| Adi Gallia| Agent Kallus
73%
J Jabba the Hutt| Jango Fett| Jar Jar Binks| Jyn Erso
73%
L Luke Skywalker| Leia Organa| Lando Calrissian| L3-37| Luminara Unduli| Lor San Tekka| Logray| Lieutenant Connix| Lady Proxima
71%
P Padme Amidala| Palpatine| Plo Koon| Poe Dameron| Poggle| Pre Vizsla| Pong Krell| Paige Tico
67%
H Han Solo|Hera Syndulla|Hondo Ohnaka|Huyang|General Hux
65%
Y Yoda| Yaddle
65%
K Kanan Jarrus| Kylo Ren| Ki-Adi-Mundi| Kit Fisto| Krrsantan| Kuiil| K-2SO
56%
E Emperor Palpatine|Ezra Bridger|Echo|Even Piell
54%
M Mace Windu| Mon Mothma| Maz Kanata| Moff Gideon| Mother Talzin| Maul| Morgan Elsbeth
54%
R R2-D2| Rey Skywalker| Rose Tico| Rio Durant
54%
G Greedo| General Grievous| Grand Moff Tarkin|Galen Erso|Garazeb Orrelios|Gial Ackbar|General Hux
50%
O Obi-Wan Kenobi| Owen Lars| Oola| Omega
50%
Q Qui-Gon Jinn| Qi'ra| Quarrie| Queen Jamillia| Quinlan Vos
46%
F Finn|Fennec Shand|Fives|Figrin D'an| Fulcrum
42%
S Sabine Wren| Saw Gerrera| Supreme Leader Snoke| Savage Opress| Shaak Ti| Shmi Skywalker
35%
W Wedge Antilles| Wrecker| Wat Tambor| Watto| Wicket| Wolffe
33%
I TIG-11|Iden Versio|IG-88|Ima-Gun Di|The Grand Inquisitor
27%
N Nien Nunb| Nute Gunray| Nahdar Vebb
23%
V Vader| Vicrul| Val| Vaneé| Vober Dand
23%
Z Zuckuss| Zam Wesell| Zeb Orrelios
19%
U Unkar Plutt| Ursa Wren
10%
T Thrawn| Tarkin| Trilla Suduri| Teebo
6%
X Xamuel Lenz| Xiono| Xane
2%
No matching quizzes found
Score Distribution
Percent of People with Each Score
Percentile by Number Answered
Your Score History
You have not taken this quiz